Harder Largest Country A-Z - Statistics

General Stats
  • This quiz has been taken 28 times
  • The average score is 12 of 20
Answer Stats
Letter Country % Correct
C Canada
100%
R Russian Federation
95%
U United States of America
95%
A Argentine Republic
86%
D Democratic Republic of the Congo
86%
F Federative Republic of Brazil
86%
B Bolivarian Republic of Venezuela
82%
J Japan
82%
P People's Republic of China
73%
S Socialist Republic of Vietnam
68%
L Libya
64%
M Mongolia
64%
I Islamic Republic of Iran
59%
K Kingdom of Saudi Arabia
45%
T Turkmenistan
41%
H Hellenic Republic
36%
N New Zealand
27%
G Gabonese Republic
18%
V Vatican City State
14%
O Oriental Republic of Uruguay
5%
No matching quizzes found
Score Distribution
Percent of People with Each Score
Percentile by Number Answered
Your Score History
You have not taken this quiz